| 000 | 01217cam a2200301Mi 4500 | ||
|---|---|---|---|
| 001 | 1413373515 | ||
| 003 | OSt | ||
| 005 | 20250623092546.0 | ||
| 008 | 231213t20242024njua ob 001 0 eng d | ||
| 020 | _a9781394177370 (hardcover) | ||
| 040 |
_aYDX _beng _erda _cNUST _dNUST |
||
| 050 | 4 | _aHF1106 CLA | |
| 100 | 1 |
_aClark, Ruth Colvin _eAuthor |
|
| 245 | 1 | 0 |
_ae-Learning and the science of instruction : _bproven guidelines for consumers and designers of multimedia learning / _cRuth Colvin Clark and Richard E. Mayer. |
| 250 | _aFifth edition. | ||
| 260 |
_aHoboken, New Jersey : _bJohn Wiley and Sons, Inc., _c©2024. |
||
| 300 |
_axiii, 488 pages : _bIllustrations ; _c24 cm. |
||
| 336 |
_atext _btxt _2rdacontent |
||
| 337 |
_2rdamedia _aunmediated _bn |
||
| 338 |
_2rdacarrier _avolume _bnc |
||
| 504 | _aIncludes bibliographical references and indexes. | ||
| 650 | 0 | _vBusiness education -- Computer programs. | |
| 650 | 0 | _vBusiness education -- Computer-assisted instruction. | |
| 650 | 0 | _vInternet in higher education. | |
| 650 | 0 | _vEmployees Training of Computer-assisted instruction. | |
| 700 | 1 |
_aMayer, Richard E. _eAuthor |
|
| 942 |
_2lcc _cBOOKS _eFifth edition. _hHF1106 CLA _kHF _mCLA _n0 |
||
| 999 |
_c172041 _d172041 |
||